Competing in emerging markets : (Record no. 20102)
[ view plain ]
| 000 -LEADER | |
|---|---|
| fixed length control field | 02442cam a22002655a 4500 |
| 001 - CONTROL NUMBER | |
| control field | 14842906 |
| 005 - DATE AND TIME OF LATEST TRANSACTION | |
| control field | 20201128021404.0 |
| 008 - FIXED-LENGTH DATA ELEMENTS--GENERAL INFORMATION | |
| fixed length control field | 070508s2008 nyua frb 000 0 eng d |
| 020 ## - INTERNATIONAL STANDARD BOOK NUMBER | |
| International Standard Book Number | 9780415399500 (pbk. : alk. paper) |
| 020 ## - INTERNATIONAL STANDARD BOOK NUMBER | |
| International Standard Book Number | 0415399505 (pbk. : alk. paper) |
| 040 ## - CATALOGING SOURCE | |
| Original cataloging agency | DLC |
| Language of cataloging | eng |
| Transcribing agency | DLC |
| Modifying agency | BAKER |
| -- | BTCTA |
| -- | C#P |
| -- | YDXCP |
| -- | BWX |
| -- | PMC |
| -- | DLC |
| -- | EG-ScBUE |
| -- | EG-ScBUE |
| 082 04 - DEWEY DECIMAL CLASSIFICATION NUMBER | |
| Classification number | 658.049 |
| Item number | COM |
| Edition number | 22 |
| 245 00 - TITLE STATEMENT | |
| Title | Competing in emerging markets : |
| Remainder of title | cases and readings / |
| Statement of responsibility, etc | edited by Hemant Merchant. |
| 260 ## - PUBLICATION, DISTRIBUTION, ETC. (IMPRINT) | |
| Place of publication, distribution, etc | New York ; |
| -- | Abingdon : |
| Name of publisher, distributor, etc | Routledge / Taylor & Francis Group, |
| Date of publication, distribution, etc | 2008. |
| 300 ## - PHYSICAL DESCRIPTION | |
| Extent | xxiii, 251 p. : |
| Other physical details | ill. ; |
| Dimensions | 25 cm. |
| 504 ## - BIBLIOGRAPHY, ETC. NOTE | |
| Bibliography, etc | Includes bibliographical references. |
| 505 0# - FORMATTED CONTENTS NOTE | |
| Formatted contents note | Dell's dilemma in Brazil : negotiating at the state level / Roy Nelson -- Kmart de Mexico S.A. de C.V. (abridged) / David Ager, Wendy Evans, and David Conklin -- Unicord PLC : the Bumble Bee acquisition / Hemant Merchant and Nima Narchi -- Nora-sakari : a proposed JV in Malaysia (revised) / R. Azimah Ainuddin and Paul Beamish -- Red star China : discovering the essence of guanxi (a) / Neil Abramson and Hemant Merchant -- Hero Honda Motors (India) Ltd. : is it Honda that made it a hero? / Kannan Ramaswamy and Rahul Sankhe -- Strategic crossroads at Matav : Hungary's telecommunications powerhouse / Jordan Mitchell and Paul Rouse -- Managing Pibrex Russia (a) : new crisis, old grievances / Rachel Doern and Carl F. Fey -- Olly Racela in Bangkok / Hemant Merchant -- Distance still matters : the hard reality of global expansion / Pankaj Ghemawat -- Strategy under uncertainty / Hugh Courtney, Jane Kirkland, and Patrick Viguerie -- Harnessing the science of persuasion / Robert B. Cialdini -- Achieving business success in Confucian societies : the importance of guanxi (connections) / Irene Y.M. Yeung and Rosalie L. Tung -- The role of family conglomerates in emerging markets : what western companies should know / Daekwan Kim, Destan Kandemir, and S. Tamer Cavusgil -- Transferring management knowledge to Russia : a culturally based approach / Ruth C. May, Sheila M. Puffer, and Daniel J. McCarthy. |
| 650 #0 - SUBJECT ADDED ENTRY--TOPICAL TERM | |
| Topical term or geographic name as entry element | Competition, International |
| Form subdivision | Case studies. |
| Source of heading or term | BUEsh |
| 650 #7 - SUBJECT ADDED ENTRY--TOPICAL TERM | |
| Topical term or geographic name as entry element | International business enterprises |
| General subdivision | Management. |
| Form subdivision | Case studies |
| Source of heading or term | BUEsh |
| 9 (RLIN) | 2700 |
| 650 #0 - SUBJECT ADDED ENTRY--TOPICAL TERM | |
| Topical term or geographic name as entry element | International trade |
| Form subdivision | Case studies. |
| Source of heading or term | BUEsh |
| 9 (RLIN) | 23290 |
| 651 ## - SUBJECT ADDED ENTRY--GEOGRAPHIC NAME | |
| Source of heading or term | BUEsh |
| 653 ## - INDEX TERM--UNCONTROLLED | |
| Resource For college | BAEPS, Business Administration |
| Arrived date list | June2015 |
| -- | February2016 |
| 700 1# - ADDED ENTRY--PERSONAL NAME | |
| Personal name | Merchant, Hemant, |
| Relator term | editor. |
| 942 ## - ADDED ENTRY ELEMENTS (KOHA) | |
| Source of classification or shelving scheme | Dewey Decimal Classification |
| Withdrawn status | Lost status | Source of classification or shelving scheme | Damaged status | Not for loan | Koha collection | Home library | Current library | Shelving location | Date acquired | Source of acquisition | Cost, normal purchase price | Serial Enumeration / chronology | Total Checkouts | Total Renewals | Full call number | Barcode | Date last seen | Date last borrowed | Cost, replacement price | Koha item type |
|---|---|---|---|---|---|---|---|---|---|---|---|---|---|---|---|---|---|---|---|---|
| Dewey Decimal Classification | Central Library | Central Library | First floor | 01/07/2015 | Purchase | 375.00 | 1091 | 2 | 15 | 658.049 COM | 000039303 | 15/07/2025 | 25/01/2023 | 468.75 | Book - Borrowing |